| 000 | 01216nam a2200217Ia 4500 | ||
|---|---|---|---|
| 003 | Ost | ||
| 005 | 20260507075727.0 | ||
| 008 | 260507s9999||||xx |||||||||||||| ||und|| | ||
| 040 | _cfsecg | ||
| 041 | _aara | ||
| 082 | _a346.02 | ||
| 100 |
_aابو السعود، رمضان _eمؤلف |
||
| 245 | 0 |
_aالعقود المسماة عقد الايجار العامة / _c رمضان ابو السعود |
|
| 260 |
_aالاسكندرية: _bدار المطبوعات الجامعية, _c2003 |
||
| 300 |
_a440 صفحة؛ _c24 سم |
||
| 490 | _aالمكتبة القانونية | ||
| 520 | _aالتعريف بعقد الايجار وبيان خصائصه ، تميز عقد الايجار عن غيره من العقود ، نطاق تطبيق التنظيمات المختلفة لعقود الايجار ، التراضي في عقد الايجار ، محل عقد الايجار ، اثبات الايجار ونفاذ في حق الغير وتفسيره ، التزامات المؤجر ، التزامات المستأجر ، طبيعة حق المستأجر والتصرف فيه | ||
| 653 | _aالايجارات-قوانين و تشريعات | ||
| 653 | _aعقود الايجار | ||
| 942 | _cكتاب | ||
| 999 |
_c45988 _d45988 |
||